DİKKAT VÜCUDUNUZ KONUŞUYOR (Record no. 781520)

MARC details
000 -LEADER
sabit uzunluktaki kontrol alanı 00260nam a2200097Ia 4500
001 - KONTROL NUMARASI
kontrol alanı 781520
005 - EN SON İŞLEMİN TARİH VE ZAMANI
kontrol alanı 20250826170145.0
008 - SABİT-UZUNLUKTA VERİ ÖĞELERİ--GENEL BİLGİ
sabit uzunluktaki kontrol alanı 250824s9999 xx 000 0 und d
245 #0 - ESER / YAZAR
ESER ADI DİKKAT VÜCUDUNUZ KONUŞUYOR
Yazar Adı AHMET ŞERİF İZGÖREN
260 ## - YAYIN, DAĞITIM, VB.
YAYIN EVİ ELMA YAYINLARI

No items available.